Les 50 meilleurs buteurs du PSG - Statistiques

Statistiques générales
  • Ce quiz a été pris 494 fois
  • Le résultat moyen est 8 sur 52
Statistiques - réponses
Buts Joueurs % Correct
230 Kylian Mbappé
100%
200 Edinson Cavani
60%
156 Zlatan Ibrahimovic
58%
118 Neymar Jr.
47%
32 Lionel Messi
40%
92 Angel Di Maria
39%
109 Pedro Miguel Pauleta
32%
25 Ronaldinho
29%
38 Marquinhos
28%
33 Blaise Matuidi
27%
72 Rai
26%
46 Lucas Moura
25%
35 Ezequiel Lavezzi
22%
55 George Weah
21%
45 Javier Pastore
21%
38 Mauro Icardi
20%
56 Guillaume Hoarau
18%
48 Nenê
17%
100 Dominique Rocheteau
16%
26 Julian Draxler
16%
44 David Ginola
15%
85 Safet Susic
13%
24 Adrien Rabiot
12%
23 Kevin Gameiro
11%
98 Mustapha Dahleb
10%
39 Luis Fernandez
8%
37 Peguy Luyindula
7%
71 Carlos Bianchi
6%
30 Mevlut Erding
6%
22 Pablo Sarabia
6%
95 François M'Pelé
5%
32 Marco Simone
4%
24 Paul Le Guen
4%
25 Vincent Guérin
4%
26 Daniel Bravo
3%
34 Laurent Robert
3%
36 Patrice Loko
3%
22 Amara Simba
2%
28 Christian
2%
42 Christian André
1%
35 Dominique Bathenay
1%
29 Julio Cesar Dely Valdés
1%
26 Michel N'Gom
1%
43 Nabatingue Toko
1%
30 Boubacar Sarr
0%
26 Christian Perez
0%
22 Daniel Xuereb
0%
35 Eric Renaut
0%
23 Gabriel Calderon
0%
26 Jean-Pierre Dogliani
0%
22 Michel Prost
0%
22 Zlatko Vujovic
0%
Aucun quiz correspondant
Distribution des résultats
% des personnes avec chaque résultat
Percentile par nombre de réponses
Votre historique - résultats
Vous n’avez pas pris ce quiz